00233nam a22000977a 4500008004100000041000800041080000600049100000700055101000800062245006500070180316b xxu||||| |||| 00| 0 eng d aeng a7 a45 aart athe paralel betwen literature and visual artscpraz.m